1548 1977 1535 1240 1539 1002 1020 1802 1376 1703 1983 1423 1815 1968 1398 1561 1834 1725 1081 1558 1578 1878 1743 1633 1712 1660 1398 1089 1600 1195 1634 1943 1294 1836 1632 1998 1954 1808 1554 1817 1777 1962 1559 1388 1106 1156 1340 1208 1767 1010 1438 1609 1883 1088 1858 1703 1381 1809 1715 1098 1781 1562 1353 1756 1816 1518 1774 1645 1543 1092 1638 1034 1460 1960 1041 1996 1313 1944 1328 1787 1465 1397 1431 1894 1775 1375 1782 1432 1254 1415 1450 1117 1969 1430 1760 1440 1521 1462 1879 BCNSPRNW ULIB Ver.6.0+V

เปลี่ยนเป็นภาษาไทย

Change to English
 แสดงรายละเอียดบรรณานุกรม
  กลับหน้าหลัก

Brief Record : Get Marc (ISO 2709) : E-mail record : QR code < ปิดหน้าต่าง
LEADER : 00000nam 2200000uu 4500
001    13399114840
003     ULIB
008    110627s2555||||th 000 0 tha d
090    นว.^bว918G
100 0  เวสต์ แคลร์
245 00 ล่าขุมทรัพย์เกาะมหาสมบัติ/^cเวสต์ แคลร์
250    พิมพ์ครั้งที่ 1
260    กรุงเทพฯ :^bซีเอ็ดยูเคชั่น,^c2555-
300     หน้า
945    ^p0^l0^i028108
995    ทศพร
999 ^a ใช้งานได้ทุกระบบ
รายการนี้ยังไม่มีแท็ก
คุณยังไม่ได้ล็อกอิน คุณสามารถมีกิจกรรมร่วมกับเว็บไซต์ได้ แต่ต้องล็อกอินก่อน ::
  ล็อกอิน

รายการสื่อสารสนเทศ

ลำดับที่ ประเภท เลขเรียก/บาร์โค้ด สถานที่ สถานะ
1. นวนิยาย
นวนิยาย
นว. ว918G ฉ.1 
  Barcode: 028108
ห้องสมุดวิทยาเขตสวรรค์ประชารักษ์
►นวนิยาย
บนชั้น
  ขอยืม

รายการใกล้เคียง
    ผู้แต่ง [เวสต์ แคลร์]

BibComment


ยังไม่เคยถูกคอมเมนท์

คอมเมนท์ทรัพยากรรายการนี้
  คอมเมนท์: ล่าขุมทรัพย์เกาะม..


 Copyright 2026. Bcnsprnw @Library